ნორმალური ფორმატი
MARC ფორმატი
ჩანაწერი Corporate Name
ჩანაწერთა რაოდენობა, რომელიც გამოყენებულია: 1
001 - CONTROL NUMBER
- control field: 19200
003 - CONTROL NUMBER IDENTIFIER
- control field: GE_BSU
005 - DATE AND TIME OF LATEST TRANSACTION
- control field: 20230707152512.0
008 - FIXED-LENGTH DATA ELEMENTS
- fixed length control field: 230707|| aca||aabn | a|a d
040 ## - CATALOGING SOURCE
- Original cataloging agency: GE_BSU
- Transcribing agency: GE_BSU
110 ## - HEADING--CORPORATE NAME
- Corporate name or jurisdiction name as entry element: საქართველოს მეცნიერებათა აკადემია ივანე ჯავახიშვილის სახელობის ისტორიისა და ეთნოლოგიის ინსტიტუტი
670 ## - SOURCE DATA FOUND
- Source citation: Work cat.: (GE_BSU)60383: გასვიანი, გერონტი 19198, ჩრდილოეთ კავკასიის ხალხები უძველესი დროიდან XX საუკუნამდე /
